MARC

LEADER 00000nam0a2200000 4500
001 117599
005 20231031123835.0
010 |a 7532826198 
035 |a (RuTPU)RU\TPU\book\127293 
090 |a 117599 
100 |a 20070605d1999 k y0rusy50 ca 
101 0 |a chi 
102 |a CN 
105 |a y z 000zy 
200 1 |a Теория принятия ответственности  |f Цзинь Юаньюн 
210 |a Цзиньань  |c Образование провинции Шаньдун  |d 1999 
215 |a 444 с. 
225 1 |a XX век. Западные теории в литературе и искусстве 
610 1 |a философия 
610 1 |a общественная мысль 
610 1 |a теория 
610 1 |a культура 
610 1 |a общественно-политическая мысль 
610 1 |a литература 
610 1 |a искусство 
610 1 |a западная философия 
610 1 |a китайская философия 
686 |a Ю3(5Кит)  |v LBC/SL-A  |2 rubbk 
686 |a Ю3(0)6  |v LBC/SL-A  |2 rubbk 
700 0 |a Цзинь Юаньюн 
801 1 |a RU  |b 63413507  |c 20070605  |g PSBO 
801 2 |a RU  |b 63413507  |c 20220603  |g PSBO 
942 |c BK